The Importance of being Earnest (Record no. 9297)

MARC details
000 -LEADER
fixed length control field 00421nam a22001577a 4500
005 - DATE AND TIME OF LATEST TRANSACTION
control field 20260306055533.0
008 - FIXED-LENGTH DATA ELEMENTS--GENERAL INFORMATION
fixed length control field 230216b |||||||| |||| 00| 0 eng d
020 ## - INTERNATIONAL STANDARD BOOK NUMBER
International Standard Book Number 978-93-5276-684-0
082 ## - DEWEY DECIMAL CLASSIFICATION NUMBER
Classification number 822.8 WIL
100 ## - MAIN ENTRY--PERSONAL NAME
Personal name Oscar Wilde
245 ## - TITLE STATEMENT
Title The Importance of being Earnest
Statement of responsibility, etc. Oscar Wilde
260 ## - PUBLICATION, DISTRIBUTION, ETC.
Place of publication, distribution, etc. Uttar Pradesh
Name of publisher, distributor, etc. Om Books International
300 ## - PHYSICAL DESCRIPTION
Extent 88 p.
Dimensions 19.8 cm
942 ## - Added entry Elements (Koha)
Source of classification or shelving scheme Dewey Decimal Classification
Koha item type Main
Holdings
Withdrawn status Lost status Source of classification or shelving scheme Damaged status Not for loan Collection code Home library Current library Shelving location Date acquired Serial Enumeration / chronology Total Checkouts Total Renewals Full call number Barcode Date last seen Date last checked out Price effective from Koha item type Inventory number Public note
    Dewey Decimal Classification     Main TEST RTC Library RTC Library Main opac 16/02/2023 176963 5 8 822.8 WIL c.1 30018241 25/11/2025 06/11/2025 16/02/2023 Main    
    Dewey Decimal Classification     Main TEST RTC Library RTC Library Main opac 16/02/2023 176960 5 7 822.8 WIL c.2 30018273 12/06/2025 05/06/2025 16/02/2023 Main    
    Dewey Decimal Classification     Main TEST RTC Library RTC Library Main opac 16/02/2023 176961 4 3 822.8 WIL c.3 30018277 17/06/2024 27/05/2024 16/02/2023 Main    
    Dewey Decimal Classification     Main TEST RTC Library RTC Library Main opac 16/02/2023 176962 3 3 822.8 WIL c.4 30018094 27/06/2025 25/06/2025 16/02/2023 Main    
    Dewey Decimal Classification     Main TEST RTC Library RTC Library Main opac 13/12/2024       822.8 WIL 30020135 13/12/2024   13/12/2024 Main 19034 Donated by Dr. Sunil Kumar
Royal Thimphu College || All Right Reserved